| 000 | 00823cam a2200241 a 4500 | ||
|---|---|---|---|
| 001 | 000019012 | ||
| 005 | 20200929165913.0 | ||
| 008 | 020625s2001 bl b f000 0 por | ||
| 010 | _a2002354262 | ||
| 020 | _a8574750344 | ||
| 035 | _a(DLC) 2002354262 | ||
| 040 |
_aDO-SdBNP _cDLC _dDLC |
||
| 042 | _alcode | ||
| 050 | 0 | 0 |
_aPQ9698.1.C4 _bL38 2001 |
| 100 | 1 |
_aAccioly, Marcus. _940901 |
|
| 245 | 1 | 0 |
_aLatinomerica / _cMarcus Accioly. |
| 260 |
_aRio de Janeiro, RJ : _bMinisterio da Cultura, Fundacao Biblioteca Nacional, Departamento Nacional do Livro : _bTopbooks, _cc2001. |
||
| 300 |
_a620 p. ; _c23 cm. |
||
| 504 | _aIncludes bibliographical references by and about the author (p. 596-604). | ||
| 651 | 0 |
_aLatin America _xHistory _vPoetry. _940902 |
|
| 910 | _aCatalogación derivada / LC | ||
| 082 | 0 | 0 |
_a869.1/42 _221 |
| 999 |
_c18530 _d18530 |
||